| 000 | 00561nam a2200181Ia 4500 | ||
|---|---|---|---|
| 003 | OSt | ||
| 005 | 20250505142123.0 | ||
| 008 | 190216s9999||||xx |||||||||||||| ||und|| | ||
| 020 | _a9788126416257 | ||
| 040 | _coclc | ||
| 082 |
_a894.8121 _bKUR/S |
||
| 100 |
_aKurup, G Sankara _96935 |
||
| 245 | 0 |
_aSooryakanthiyum Mattu Pradhana Kavithakalum / _c G Sankara Kurup ; Desamangalam Ramakrishnan |
|
| 260 |
_bDc Books, _a Kottayam: _c2007. |
||
| 300 | _a156p | ||
| 650 | _aKavithkal | ||
| 942 |
_cBK _2ddc _h894.8121 _iKUR/S _k894.8121 _mKUR/S |
||
| 999 |
_c29808 _d29808 |
||